000 00692nam a2200277Ia 4500
005 20260324143314.0
008 008 260324s9999 xx 000 0 eng d
020 _a9781003069270
037 _aEBOOK
040 _aCRL
040 _beng
040 _cCRL
041 _2eng
041 _aeng
084 _qCRL
100 _aYa. M. Grushko
_91215158
245 0 _aHandbook of Dangerous Properties of Inorganic And Organic Substances in Industrial Wastes
260 _bTaylor and Francis
260 _c1992
365 _a
365 _b370
856 _uhttp://www.taylorfrancis.com/books/9781003069270
942 _cEBOOK
999 _c1820369
_d1820369